000
00299nam a22001337a 4500
008
180220b xxu||||| |||| 00| 0 eng d
020
_a
0812106164
041
_a
eng
080
_a
610
100
_a
4
101
_a
SHM
245
_a
Developments in Digestive Diseases
_c
Berk, J.E
942
_2
udc
_c
BK
999
_c
42873
_d
42873